000 00694nam a2200253Ia 4500
003 OSt
005 20220924132004.0
006 a|||||r|||| 00| 0
007 ta
008 220923b |||||||| |||| 00| 0 tel d
020 _cRs.15
024 _a338927
037 _cTextual
040 _aARTS
_cARTS
_btel
041 _2tel
_atel
082 _aO35,3N101,7, M1
100 _aChand Gopi Au.
_9203479
245 0 _aPandita Parameswara Sastri-Veelunama
260 _aVijayawada-2
_bDealer Publications India
_c1981
300 _a306p.
_ccm.
650 _aTELUGU LITERATURE
942 _hO35,3N101,7, M1
_cTEXL
_2CC
999 _c428911
_d428911